Normal view
MARC view
- Abdul Waheed Asst Prof
Entry Personal Name
001 - CONTROL NUMBER
- control field: 48335
003 - CONTROL NUMBER IDENTIFIER
- control field: NUST
005 - DATE AND TIME OF LATEST TRANSACTION
- control field: 20210314134030.0
008 - FIXED-LENGTH DATA ELEMENTS
- fixed length control field: 210314|| aca||aabn | a|a d
040 ## - CATALOGING SOURCE
- Original cataloging agency: NUST
- Transcribing agency: NUST
100 ## - HEADING--PERSONAL NAME
- Personal name: Abdul Waheed Asst Prof
670 ## - SOURCE DATA FOUND
- Source citation: Work cat.: (NUST): Adnan Zafar 48334, A feasibility review of Hydro Power project on Chashm Jehlum link canal., 18 Jul 2014.
